000 00603nam a2200169Ia 4500
003 GCL
008 140319s9999 xx 000 0 ara d
040 _aGCL /
_cGCL
082 0 4 _a001.6424
_bح ا
100 1 _aحسين حسن بركات
245 1 0 _aالاوامر المركبة والخصائص الاضافية لبرنامج لوتس 1 2 3 ط1 /
_cحسين حسن بركات
260 _a[S.N] :
_bمؤسسة جمال الجاسم للالكترونيات ،
_c1990
490 _a
650 0 4 _aاللوتس
650 0 4 _aبرامج الحاسبات الالكترونية
942 _2ddc
_cBK
999 _c42129
_d42129